[Event "Degremont GP"]
[Site "Clichy"]
[Date "2004.03.13"]
[Round "2.1"]
[White "Tregubov, Pavel V"]
[Black "Bauer, Christian"]
[Result "0-1"]
[WhiteElo "2628"]
[BlackElo "2599"]
[PlyCount "106"]
[EventDate "2004.03.13"]
[Source "Roberto Alvarez"]
[SourceDate "2004.03.22"]

1. d4 e6 2. c4 f5 3. Nf3 Nf6 4. g3 d6 5. Bg2 Be7 6. O-O O-O 7. b3 Ne4 8. Bb2 Bf6 9. Nfd2 d5 10. Nxe4 fxe4 11. Nc3 Nc6 12. e3 Ne7 13. f3 Nf5 14. Qd2 Bg5 15. Rae1 exf3 16. Bxf3 c5 17. cxd5 cxd4 18. Nd1 dxe3 19. Qd3 Qb6 20. Re2 Bd7 21. a4 Rad8 22. Be4 Qa6 23. g4 Qxd3 24. Bxd3 Nh4 25. Nxe3 exd5 26. Nf5 Nxf5 27. gxf5 Bf6 28. Bxf6 Rxf6 29. Re5 Bc6 30. Rfe1 Kf8 31. Kf2 Re8 32. Rxe8+ Bxe8 33. Ke3 Rb6 34. Bc2 Rb4 35. Kd3 Rh4 36. Re2 Kf7 37. Kc3 a5 38. Bd3 Bd7 39. Re5 Bc6 40. Re2 Rf4 41. Rd2 Kf6 42. Bc2 Rh4 43. Bb1 Rh3+ 44. Kb2 h5 45. Rg2 Be8 46. Rd2 Bc6 47. Rg2 d4 48. Rd2 Ke5 49. Rc2 Bd5 50. Rc7 Rxh2+ 51. Kc1 Rg2 52. Re7+ Kd6 53. Re1 Rg3 0-1

[Event "CC Ordix"]
[Site "?"]
[Date "1997.??.??"]
[Round "10"]
[White "Portisch Lajos"]
[Black "Lobron Eric"]
[Result "1-0"]
[WhiteElo "2630"]
[BlackElo "2570"]
[PlyCount "81"]
[EventDate "1997.??.??"]
[Source "www.chesslib.no"]
[SourceDate "2004.05.04"]

1. d4 e6 2. c4 f5 3. g3 Nf6 4. Bg2 Be7 5. Nf3 O-O 6. O-O d6 7. Nc3 a5 8. b3 Na6 9. Bb2 c6 10. Qb1 Ng4 11. h3 Nh6 12. e3 Rb8 13. Ne2 b5 14. Qc2 Nb4 15. Qd2 bxc4 16. bxc4 Nf7 17. a3 Na6 18. Bc3 g5 19. Bxa5 Qe8 20. Nh2 c5 21. Qc2 Bb7 22. d5 Ne5 23. f4 Ng6 24. Rab1 e5 25. Bc3 Bc8 26. Nf3 Rxb1 27. Rxb1 gxf4 28. exf4 exf4 29. Nxf4 Nxf4 30. gxf4 Bf6 31. Re1 Qg6 32. Qb2 Bxc3 33. Rb1 Rd8 34. Qa1 Ba5 35. Qe5 Nb4 36. Qe7 Re8 37. Qe4 Qh5 38. Rxb4 Re7 39. Nh4 Bd8 40. Qc2 Ra7 41. Qe4 1-0

[Event "Dieren"]
[Site "?"]
[Date "1996.??.??"]
[Round "?"]
[White "Oll, L."]
[Black "Beim, V."]
[Result "1-0"]
[WhiteElo "2620"]
[BlackElo "2570"]
[PlyCount "79"]
[EventDate "1996.??.??"]
[Source "ChessBase"]
[SourceDate "1996.06.01"]

1. d4 f5 2. g3 Nf6 3. Bg2 d6 4. Nf3 e6 5. O-O Be7 6. c4 O-O 7. Nc3 a5 8. Re1 Ne4 9. Bf4 Bf6 10. Qc2 Nxc3 11. bxc3 Nc6 12. Rad1 Ne7 13. h4 Ng6 14. Bc1 d5 15. cxd5 exd5 16. c4 c6 17. cxd5 cxd5 18. Ne5 Be6 19. Qb3 Re8 20. Nxg6 hxg6 21. Bf4 Rc8 22. Qxb7 Rc4 23. e3 Qa8 24. Rb1 Rc2 25. a3 Qxb7 26. Rxb7 Rec8 27. Rb5 a4 28. Bd6 R8c3 29. Bxd5 Bxd5 30. Rxd5 Rb3 31. Ra5 Rbb2 32. Rf1 g5 33. hxg5 Bxg5 34. g4 g6 35. gxf5 Bh4 36. Ra8+ Kf7 37. Ra7+ Kg8 38. fxg6 Bxf2+ 39. Kh1 Rb6 40. Rd7 1-0

[Event "I Open"]
[Site "Illes Medes SPA"]
[Date "2007.01.04"]
[Round "9"]
[White "Delchev, A."]
[Black "Moskalenko, V."]
[Result "1/2-1/2"]
[WhiteElo "2628"]
[BlackElo "2543"]
[PlyCount "47"]
[EventDate "2006.12.28"]
[Source "www.chesslib.no"]
[SourceDate "2004.05.04"]

1. Nf3 f5 2. c4 Nf6 3. g3 e6 4. Bg2 Be7 5. O-O O-O 6. b3 d6 7. d4 Ne4 8. Bb2 Bf6 9. Nc3 Nc6 10. e3 Nxc3 11. Bxc3 e5 12. dxe5 dxe5 13. Qd5+ Kh8 14. Qxd8 Rxd8 15. Rfd1 Be6 16. Ne1 Bf7 17. f4 e4 18. Bxf6 gxf6 19. g4 Bg6 20. h3 Ne7 21. Bf1 fxg4 22. hxg4 h5 23. Be2 hxg4 24. Bxg4 1/2-1/2

[Event "TCN Cup 3rd "]
[Site "Beijing"]
[Date "1997.08.12"]
[Round "3"]
[White "Pigusov, Evgeny"]
[Black "Atalik, Suat"]
[Result "1/2-1/2"]
[WhiteElo "2560"]
[BlackElo "2590"]
[PlyCount "105"]
[EventDate "1997.08.11"]
[Source "ChessBase"]
[SourceDate "1997.11.23"]

1. Nf3 f5 2. c4 Nf6 3. g3 d6 4. d4 e6 5. Bg2 Be7 6. O-O O-O 7. Nc3 a5 8. Re1 Ne4 9. Qc2 Nxc3 10. Qxc3 Nc6 11. d5 Bf6 12. Qd2 Ne7 13. Nd4 e5 14. Nb5 Bd7 15. Qc2 h5 16. Bd2 h4 17. a4 hxg3 18. hxg3 b6 19. b4 e4 20. Ra3 axb4 21. Bxb4 Rf7 22. Rd1 Ng6 23. a5 bxa5 24. Bxa5 Bxb5 25. cxb5 Qd7 26. Qc6 Qxc6 27. dxc6 Ne5 28. Bb4 Rb8 29. Rd5 Nxc6 30. bxc6 Rxb4 31. Ra8+ Rf8 32. Rxf8+ Kxf8 33. Rxf5 Ke7 34. e3 Be5 35. f4 g6 36. Rg5 Kf6 37. Bh3 Bb2 38. Bd7 Rb8 39. Rd5 Bc1 40. Kf2 Rb2+ 41. Kf1 Bxe3 42. Rxd6+ cxd6 43. c7 Rc2 44. c8=Q Rxc8 45. Bxc8 d5 46. Ke2 Bc1 47. Bb7 Ke6 48. Bc6 g5 49. fxg5 Bxg5 50. Ba4 Kd6 51. Bb3 Kc5 52. Ba2 Kd4 53. Bb3 1/2-1/2

[Event "56th ch-RUS"]
[Site "Krasnoyarsk"]
[Date "2003.09.10"]
[Round "7"]
[White "Filippov, Valerij"]
[Black "Ovetchkin, Roman"]
[Result "0-1"]
[WhiteElo "2630"]
[BlackElo "2519"]
[PlyCount "92"]
[EventDate "2003.09.03"]
[Source "Roberto Alvarez"]
[SourceDate "2003.09.15"]

1. Nf3 f5 2. c4 Nf6 3. g3 d6 4. d4 e6 5. Bg2 Be7 6. O-O O-O 7. Nc3 Ne4 8. Nxe4 fxe4 9. Ne1 d5 10. f3 dxc4 11. fxe4 c5 12. e3 Rxf1+ 13. Bxf1 Nc6 14. Nf3 Bf6 15. Bxc4 cxd4 16. exd4 Nxd4 17. Be3 Nxf3+ 18. Qxf3 Qc7 19. Rc1 Qe5 20. Bb3 Bd7 21. Rc5 Qd6 22. Qf4 Qd3 23. e5 Be7 24. Rc1 Rf8 25. Qd4 Qe2 26. Bf2 b6 27. Rc2 Qb5 28. Rc7 Rxf2 29. Kxf2 Bc5 30. Rxc5 bxc5 31. Qh4 c4 32. Bc2 Qb6+ 33. Ke2 g6 34. Kd2 Qa5+ 35. Kd1 Qd5+ 36. Kc1 Bc6 37. Qf4 Qh1+ 38. Bd1 Qxh2 39. Qf6 Qh6+ 40. Kc2 Be4+ 41. Kc3 Qc1+ 42. Kb4 Qd2+ 43. Kxc4 Bd5+ 44. Kb5 Qxd1 45. Qd8+ Kg7 46. Qf6+ Kh6 0-1

[Event "56th ch-RUS"]
[Site "Krasnoyarsk"]
[Date "2003.09.04"]
[Round "2"]
[White "Tregubov, Pavel V"]
[Black "Obukhov, Alexander"]
[Result "1/2-1/2"]
[WhiteElo "2635"]
[BlackElo "2487"]
[PlyCount "69"]
[EventDate "2003.09.03"]
[Source "Roberto Alvarez"]
[SourceDate "2003.09.15"]

1. d4 f5 2. g3 Nf6 3. Bg2 e6 4. Nf3 Be7 5. O-O O-O 6. c4 d6 7. Nc3 Ne4 8. Bd2 Bf6 9. Qc2 Nxd2 10. Qxd2 Nc6 11. d5 Ne5 12. Nxe5 dxe5 13. e4 f4 14. Rfd1 Be7 15. Qe2 Bc5 16. Kh1 Qf6 17. Rd3 fxg3 18. fxg3 Qh6 19. Rf1 Bd7 20. Rdf3 Rxf3 21. Bxf3 exd5 22. exd5 Rf8 23. Bg2 Rxf1+ 24. Qxf1 Qe3 25. d6 c6 26. Ne4 Bd4 27. h4 h6 28. Kh2 b5 29. cxb5 cxb5 30. b4 Bb6 31. Qd1 Kf8 32. Qf1+ Ke8 33. Nc5 Bxc5 34. bxc5 Qxc5 35. Qd3 1/2-1/2

[Event "otb"]
[Site "otb"]
[Date "2007.03.10"]
[Round "10"]
[White "Babula Vlastimil"]
[Black "Bunzmann Dimitrij"]
[Result "1-0"]
[WhiteElo "2584"]
[BlackElo "2530"]
[PlyCount "81"]
[Source "www.chesslib.no"]
[SourceDate "2004.05.04"]

1. d4 e6 2. c4 f5 3. g3 Nf6 4. Bg2 Be7 5. Nf3 O-O 6. O-O d6 7. Nc3 a5 8. b3 Na6 9. Bb2 c6 10. Re1 Qe8 11. e4 fxe4 12. Nxe4 Nxe4 13. Rxe4 Qh5 14. Re3 Qf5 15. Qd2 Bf6 16. Bc3 Nc7 17. a4 Bd7 18. Ne1 b6 19. Nd3 Rae8 20. Rae1 Qh5 21. f4 Rb8 22. Bb2 Rfc8 23. Nf2 Qf7 24. h4 b5 25. Bc3 b4 26. Bb2 d5 27. Nd3 Na6 28. Bh3 Re8 29. Qe2 dxc4 30. bxc4 Rbd8 31. Ne5 Bxe5 32. Rxe5 c5 33. dxc5 Nc7 34. c6 Bxc6 35. Rxa5 h6 36. Be5 Na8 37. Qf2 Rd7 38. Bb2 Nc7 39. Ra7 Kh8 40. Be5 Na8 41. Ra6 1-0

[Event "Camp. mondiale femminile 2008"]
[Site "Nalchik RUS"]
[Date "2008.09.04"]
[Round "3.2"]
[White "Koneru, H."]
[Black "Hoang Thanh Trang"]
[Result "1-0"]
[WhiteElo "2622"]
[BlackElo "2487"]
[PlyCount "75"]
[EventDate "2008.08.29"]
[Source "www.chesslib.no"]
[SourceDate "2004.05.04"]

1. d4 e6 2. Nf3 f5 3. g3 Nf6 4. Bg2 Be7 5. O-O O-O 6. c4 d6 7. b4 Ne4 8. Bb2 Bf6 9. Nbd2 Nc6 10. b5 Ne7 11. Qc2 Nxd2 12. Nxd2 e5 13. dxe5 Bxe5 14. c5 Bxb2 15. Qxb2 d5 16. e3 c6 17. bxc6 bxc6 18. Rfb1 Ba6 19. Qa3 Bb5 20. Nf3 Qd7 21. Rb2 Rfc8 22. Rab1 Rc7 23. Qa5 Qc8 24. Qc3 Bc4 25. h4 h6 26. Bh3 Qe6 27. Qa5 Rac8 28. Rb7 Rxb7 29. Rxb7 a6 30. Qb6 Qf6 31. Nd4 Kh8 32. Rd7 Qe5 33. Qb7 Re8 34. Rd6 Ng8 35. Bxf5 Bb5 36. Qf7 Re7 37. Qg6 Nf6 38. Ne6 1-0

[Event "Open"]
[Site "Liverpool ENG"]
[Date "2007.09.09"]
[Round "9"]
[White "Ghaem Maghami, E."]
[Black "Williams, Si1"]
[Result "1-0"]
[WhiteElo "2610"]
[BlackElo "2480"]
[PlyCount "63"]
[EventDate "2007.09.04"]
[Source "www.chesslib.no"]
[SourceDate "2004.05.04"]

1. Nf3 e6 2. c4 f5 3. g3 Nf6 4. Bg2 Be7 5. O-O O-O 6. d4 d6 7. b3 Ne4 8. Bb2 Nd7 9. Nbd2 Ndf6 10. Rc1 Qe8 11. e3 Bd7 12. Ne1 e5 13. dxe5 dxe5 14. Ndf3 Bd6 15. Nd3 Nxg3 16. hxg3 e4 17. Nfe5 exd3 18. Nxd7 Ng4 19. Bd5+ Kh8 20. Nxf8 Qh5 21. Ng6+ Qxg6 22. Qf3 c6 23. Rcd1 cxd5 24. Rxd3 Be5 25. Bd4 Rf8 26. Qxd5 f4 27. Bxe5 Nxe5 28. Rd4 fxg3 29. Qxe5 gxf2+ 30. Kh2 h6 31. Rf4 Re8 32. Qd5 1-0

[Event "JUG Team Ch"]
[Site "Cetinje"]
[Date "1990.??.??"]
[Round "9"]
[White "Damljanovic, Branko"]
[Black "Todorcevic, Miodrag"]
[Result "1-0"]
[WhiteElo "2535"]
[BlackElo "2550"]
[PlyCount "83"]
[EventDate "1990.??.??"]
[Source "www.chesslib.no"]
[SourceDate "2004.05.04"]

1. Nf3 f5 2. g3 Nf6 3. Bg2 d6 4. d4 e6 5. O-O Be7 6. c4 O-O 7. b3 Qe8 8. Bb2 Qh5 9. e3 Nbd7 10. Nbd2 Rb8 11. Re1 Qg6 12. Qc2 b6 13. d5 Nc5 14. Nd4 Bd7 15. dxe6 Nxe6 16. Nxf5 Bd8 17. e4 Nc5 18. f3 b5 19. Rad1 Kh8 20. Bd4 b4 21. Nf1 Bxf5 22. exf5 Qf7 23. Ne3 c6 24. f4 Rc8 25. Bxc5 dxc5 26. Rd6 Ne8 27. Rxc6 Rxc6 28. Bxc6 Bf6 29. Bd5 Qc7 30. Ng4 Bd4+ 31. Kg2 Nd6 32. Ne5 Qc8 33. Be6 Qb7+ 34. Bd5 Qc8 35. Be6 Qb7+ 36. Kh3 Qc7 37. Qd3 Qd8 38. Nf3 Qe8 39. g4 h5 40. g5 h4 41. Nxh4 Qh5 42. Qe2 1-0

[Event "Moscow ol (Men)"]
[Site "Moscow"]
[Date "1994.??.??"]
[Round "6"]
[White "Kozul, Zdenko"]
[Black "Comas Fabrego, Luis"]
[Result "1/2-1/2"]
[WhiteElo "2575"]
[BlackElo "2500"]
[PlyCount "108"]
[EventDate "1994.11.??"]
[Source "ChessBase"]

1. d4 e6 2. c4 f5 3. g3 Nf6 4. Bg2 Be7 5. Nf3 O-O 6. O-O d6 7. b3 Qe8 8. Qc2 Nc6 9. Bb2 Qh5 10. Rd1 e5 11. dxe5 dxe5 12. Bxe5 Nxe5 13. Nxe5 f4 14. gxf4 Bf5 15. Qc1 Bc5 16. b4 Bxf2+ 17. Kxf2 Qxh2 18. Nd2 Bh3 19. Rg1 Qxf4+ 20. Ndf3 Ne4+ 21. Ke1 Qg3+ 22. Kd1 Bxg2 23. Kc2 Rae8 24. Qb2 Qf2 25. Rae1 Ng3 26. Kb3 Bxf3 27. exf3 Qxb2+ 28. Kxb2 Rf5 29. Nd7 Rxe1 30. Rxe1 h5 31. Re8+ Kh7 32. Nf8+ Kh6 33. Ne6 Rxf3 34. Rh8+ Kg6 35. Nxc7 Nf5 36. c5 h4 37. b5 h3 38. Nd5 Nh6 39. Re8 h2 40. Re1 Rf2+ 41. Kc3 Nf5 42. c6 bxc6 43. bxc6 Rxa2 44. c7 Nd6 45. Kd4 Nb5+ 46. Ke3 Nxc7 47. Nxc7 Kh5 48. Kf3 Kh4 49. Ne6 g5 50. Re4+ Kh5 51. Re1 a5 52. Kg3 a4 53. Nd4 g4 54. Ne6 a3 1/2-1/2

[Event "Warsaw"]
[Site "?"]
[Date "2005.06.23"]
[Round "6"]
[White "Markus Robert"]
[Black "Williams Simon Kim"]
[Result "1/2-1/2"]
[WhiteElo "2584"]
[BlackElo "2466"]
[PlyCount "123"]
[EventDate "2005.??.??"]
[Source "www.chesslib.no"]
[SourceDate "2004.05.04"]

1. d4 f5 2. g3 e6 3. Bg2 Nf6 4. Nf3 Be7 5. O-O O-O 6. c4 d6 7. Nc3 a5 8. Re1 Ne4 9. Qc2 Nxc3 10. bxc3 Nc6 11. e4 e5 12. exf5 Rxf5 13. Be3 Qe8 14. dxe5 dxe5 15. Nd2 Rf8 16. Rab1 Nd8 17. Rb5 Bf6 18. Nb3 Be6 19. Bd5 a4 20. Bxe6+ Nxe6 21. Nd2 Qc6 22. Rd5 a3 23. Qd3 Ra4 24. Rb1 e4 25. Qc2 Rxc4 26. Nxc4 Qxd5 27. Nd2 Bg5 28. c4 Qf5 29. Qxe4 Bxe3 30. Qxf5 Rxf5 31. fxe3 b6 32. Rb3 Ra5 33. Kf1 Nc5 34. Rc3 Ra4 35. Ke2 Kf7 36. e4 Ke6 37. Ke3 Nd7 38. Kf4 Ne5 39. c5 b5 40. Nb3 Kf6 41. h4 h6 42. h5 Rc4 43. Rxc4 bxc4 44. Nd4 Nd3+ 45. Ke3 Kg5 46. Ne6+ Kxh5 47. Nxg7+ Kg6 48. Ne6 Nb4 49. Nxc7 c3 50. Nb5 c2 51. Kd2 Nxa2 52. Kxc2 Nb4+ 53. Kb1 a2+ 54. Ka1 Kf6 55. Nc3 Ke5 56. Nxa2 Na6 57. c6 Kxe4 58. Nb4 Nc7 59. Kb2 Kf3 60. Kc3 Kxg3 61. Kd4 h5 62. Nd5 1/2-1/2

[Event "Sitges"]
[Site "?"]
[Date "1994.??.??"]
[Round "?"]
[White "Marin, Mihail"]
[Black "Hamdouchi, H."]
[Result "1-0"]
[WhiteElo "2520"]
[BlackElo "2530"]
[PlyCount "125"]
[EventDate "1994.??.??"]
[Source "ChessBase"]
[SourceDate "1994.06.01"]

1. d4 e6 2. c4 f5 3. g3 Nf6 4. Bg2 Be7 5. Nf3 O-O 6. O-O d6 7. Nc3 Ne4 8. Qc2 Nxc3 9. bxc3 Nc6 10. d5 Na5 11. Qa4 c5 12. dxc6 Nxc6 13. Nd4 Bd7 14. Nxc6 bxc6 15. Bxc6 Bxc6 16. Qxc6 Rc8 17. Qa4 Qc7 18. Ba3 Qxc4 19. Qxa7 Rf7 20. Bb4 Qxe2 21. Rfe1 Qc4 22. Qd4 d5 23. Qxc4 Rxc4 24. Rxe6 Bxb4 25. cxb4 Rxb4 26. Re8+ Rf8 27. Rxf8+ Kxf8 28. a4 Rb6 29. a5 Ra6 30. f4 Ke7 31. Kf2 Kd6 32. Ke3 Kc5 33. Kd3 h5 34. Ra2 g6 35. Ra1 d4 36. Ra4 Kb5 37. Ra2 Kc5 38. Ra1 Kd5 39. Re1 Rd6 40. Rb1 Kc5 41. Rc1+ Kb5 42. Ra1 Ka6 43. Ra2 Rd8 44. Ra4 Rb8 45. Rxd4 Rb2 46. Rd6+ Kxa5 47. Rxg6 Rxh2 48. Rg5 Kb6 49. Rxf5 Rh3 50. Ke4 Rxg3 51. Rxh5 Kc6 52. Re5 Kd6 53. Kf5 Rg8 54. Re6+ Kd5 55. Ra6 Re8 56. Kg5 Rg8+ 57. Rg6 Re8 58. f5 Ra8 59. Rb6 Rg8+ 60. Kf6 Rg1 61. Kf7 Ke5 62. f6 Ra1 63. Kf8 1-0

[Event "7. St Quentin Open"]
[Site "?"]
[Date "2004.04.25"]
[Round "9"]
[White "Istratescu Andrei"]
[Black "Okhotnik Vladimir"]
[Result "1/2-1/2"]
[WhiteElo "2587"]
[BlackElo "2453"]
[PlyCount "23"]
[EventDate "2004.??.??"]
[Source "www.chesslib.no"]
[SourceDate "2004.05.04"]

1. d4 e6 2. Nf3 f5 3. g3 Nf6 4. Bg2 Be7 5. O-O O-O 6. c4 d6 7. b3 Qe8 8. Bb2 a5 9. a3 c6 10. Nbd2 Na6 11. Ne1 Qh5 12. Nd3 1/2-1/2

[Event "Oberwart Open"]
[Site "Oberwart AUT"]
[Date "1994.??.??"]
[Round "5"]
[White "Magerramov, Elmar"]
[Black "Poluljahov, Aleksandr"]
[Result "1-0"]
[WhiteElo "2525"]
[BlackElo "2510"]
[PlyCount "57"]
[EventDate "1994.07.??"]
[Source "www.chesslib.no"]
[SourceDate "2004.05.04"]

1. d4 e6 2. c4 f5 3. g3 Nf6 4. Bg2 Be7 5. Nf3 O-O 6. O-O d6 7. b3 Qe8 8. Bb2 a5 9. Nc3 Qh5 10. e3 Na6 11. a3 Bd7 12. Re1 Rab8 13. Rc1 c5 14. e4 Nxe4 15. Nxe4 fxe4 16. Rxe4 Rf7 17. Re3 Rbf8 18. Qe2 b6 19. Rd1 Bc8 20. h3 Qh6 21. h4 cxd4 22. Bxd4 e5 23. Bxb6 Bg4 24. c5 Nxc5 25. Bxc5 dxc5 26. Qc4 Be6 27. Qe4 Kh8 28. Nxe5 Rxf2 29. Nf3 1-0

[Event "Ch Belgium (team) 2006/07"]
[Site "Belgium"]
[Date "2007.01.14"]
[Round "6"]
[White "Henrichs Thomas (GER)"]
[Black "Glek Igor V (GER)"]
[Result "1/2-1/2"]
[WhiteElo "2483"]
[BlackElo "2538"]
[PlyCount "85"]
[EventDate "2007.??.??"]
[Source "www.chesslib.no"]
[SourceDate "2004.05.04"]

1. d4 f5 2. g3 Nf6 3. Bg2 e6 4. c4 Be7 5. Nf3 O-O 6. O-O d6 7. Nc3 Ne4 8. Qc2 Nxc3 9. Qxc3 a5 10. b3 Bf6 11. Bb2 Nc6 12. Rad1 Qe8 13. Rfe1 e5 14. dxe5 dxe5 15. e4 Qg6 16. exf5 Bxf5 17. Qe3 e4 18. Nd4 Bxd4 19. Bxd4 Rad8 20. h3 h5 21. Bc3 Rd3 22. Rxd3 exd3 23. Qf4 Qd6 24. Qg5 Qg6 25. Qf4 Qd6 26. Bd5+ Kh7 27. Qg5 Qh6 28. Qxh6+ Kxh6 29. Kg2 Rd8 30. a3 Rd7 31. f3 Ne7 32. Bd2+ Kh7 33. Bxb7 c6 34. Ba8 Ra7 35. g4 hxg4 36. hxg4 Bg6 37. f4 Kg8 38. Re5 a4 39. bxa4 Rxa8 40. Rxe7 Rxa4 41. Bb4 c5 42. Bxc5 Rxc4 43. Be3 1/2-1/2

[Event "Hastings"]
[Site "Hastings"]
[Date "2002.01.01"]
[Round "4"]
[White "Sasikiran, Krishnan"]
[Black "Pert, Nicholas"]
[Result "1-0"]
[WhiteElo "2569"]
[BlackElo "2451"]
[PlyCount "81"]
[EventDate "2001.12.29"]
[Source "ChessBase"]
[SourceDate "2002.03.21"]

1. d4 e6 2. c4 f5 3. g3 Nf6 4. Bg2 Be7 5. Nf3 O-O 6. O-O d6 7. Nc3 a5 8. b3 Ne4 9. Bb2 Qe8 10. e3 Nxc3 11. Bxc3 Nd7 12. Qe1 a4 13. e4 f4 14. e5 Qg6 15. exd6 cxd6 16. Qe2 Rf7 17. Rfe1 Nf8 18. Nd2 Ra7 19. c5 dxc5 20. Nc4 Bf6 21. Nd6 cxd4 22. Be4 Qg5 23. Nxf7 Kxf7 24. Bd2 d3 25. Qxd3 Bxa1 26. Rxa1 axb3 27. Qxb3 Qf6 28. Rc1 Bd7 29. Bxf4 Bc6 30. Be3 Ra5 31. Bxc6 bxc6 32. a4 Kg8 33. Bb6 Rh5 34. a5 Qf5 35. Rc5 Qh3 36. Rxh5 Qxh5 37. a6 Qe2 38. a7 Qe1+ 39. Kg2 Qe4+ 40. f3 Qe2+ 41. Bf2 1-0

[Event "Bischwiller-A"]
[Site "Bischwiller"]
[Date "1999.07.08"]
[Round "6"]
[White "Horvath, Csaba"]
[Black "Bricard, Emmanuel"]
[Result "1/2-1/2"]
[WhiteElo "2509"]
[BlackElo "2506"]
[PlyCount "35"]
[EventDate "1999.07.??"]
[Source "www.chesslib.no"]
[SourceDate "2004.05.04"]

1. Nf3 f5 2. g3 Nf6 3. Bg2 d6 4. d4 e6 5. O-O Be7 6. c4 O-O 7. Nc3 Ne4 8. Qc2 Nxc3 9. bxc3 Nc6 10. e4 Na5 11. Qa4 b6 12. exf5 Bd7 13. Qc2 exf5 14. Re1 Bf6 15. Nd2 c6 16. Qd3 Re8 17. Rxe8+ Qxe8 18. Nb3 1/2-1/2

[Event "Clarin GP final, Villa Gesell ARG"]
[Site "?"]
[Date "1997.??.??"]
[Round "?"]
[White "Sorokin, M."]
[Black "Ginzburg, Ma"]
[Result "1/2-1/2"]
[WhiteElo "2560"]
[BlackElo "2450"]
[PlyCount "65"]
[EventDate "1997.??.??"]
[Source "www.chesslib.no"]
[SourceDate "2004.05.04"]

1. Nf3 d6 2. d4 f5 3. g3 Nf6 4. Bg2 e6 5. O-O Be7 6. c4 O-O 7. Nc3 d5 8. Bg5 c6 9. e3 Nbd7 10. Bxf6 Bxf6 11. cxd5 exd5 12. b4 Qe7 13. b5 Nb6 14. bxc6 bxc6 15. Rc1 Bd7 16. Na4 Rfb8 17. Nc5 Be8 18. Qd3 g6 19. Nd2 Nc8 20. Rc3 Nd6 21. Rb3 Rb6 22. Rfb1 Rab8 23. Na4 Rxb3 24. Rxb3 Rxb3 25. Qxb3 Qc7 26. Nc5 Be7 27. Bf1 Qb6 28. Qc3 Ne4 29. Ndxe4 fxe4 30. a3 Kf7 31. Be2 Bd6 32. Kg2 Ke7 33. Bd1 1/2-1/2

[Event "Reykjavik ISL"]
[Site "?"]
[Date "2006.03.13"]
[Round "8"]
[White "Tregubov Pavel V"]
[Black "Williams Simon Kim"]
[Result "1-0"]
[WhiteElo "2556"]
[BlackElo "2452"]
[PlyCount "77"]
[EventDate "2006.??.??"]
[Source "www.chesslib.no"]
[SourceDate "2004.05.04"]

1. d4 e6 2. c4 f5 3. g3 Nf6 4. Bg2 Be7 5. Nf3 O-O 6. O-O d6 7. b3 Ne4 8. Bb2 Bf6 9. Nbd2 Nc6 10. Ne1 Ng5 11. f4 Nf7 12. e3 e5 13. fxe5 dxe5 14. d5 Ne7 15. e4 c6 16. Nd3 cxd5 17. exd5 g5 18. g4 Bg7 19. gxf5 Bxf5 20. Ne4 Qb6+ 21. Kh1 Qg6 22. Qe2 h5 23. Ba3 Rfe8 24. Bxe7 Rxe7 25. Rxf5 Qxf5 26. Qxh5 Qh7 27. Qxh7+ Kxh7 28. Bh3 Rd8 29. Rf1 Bh6 30. Ndc5 Nd6 31. Ne6 Rxe6 32. dxe6 Nxe4 33. Bf5+ Kg7 34. Bxe4 Rf8 35. Rd1 Kf6 36. Bxb7 Kxe6 37. c5 Bg7 38. c6 Rf7 39. Bc8+ 1-0

[Event "Kusadasi TUR"]
[Site "?"]
[Date "2006.04.12"]
[Round "8"]
[White "Kuzubov Yuriy"]
[Black "Williams Simon Kim"]
[Result "1-0"]
[WhiteElo "2544"]
[BlackElo "2452"]
[PlyCount "49"]
[EventDate "2006.??.??"]
[Source "www.chesslib.no"]
[SourceDate "2004.05.04"]

1. c4 f5 2. g3 Nf6 3. Bg2 e6 4. Nf3 Be7 5. O-O O-O 6. Nc3 d6 7. d4 Ne4 8. Qc2 Nxc3 9. bxc3 Nc6 10. e4 e5 11. Rd1 Qe8 12. c5 f4 13. Rb1 Qh5 14. cxd6 cxd6 15. Rd3 Rb8 16. Rb5 fxg3 17. hxg3 a6 18. Rb6 Nd8 19. Ba3 Bg4 20. Nxe5 Ne6 21. Nxg4 Qxg4 22. Qd1 Qg5 23. Qb3 Qf6 24. f4 Kh8 25. Bxd6 1-0

[Event "olm"]
[Site "olm Buenos Aires"]
[Date "1978.??.??"]
[Round "?"]
[White "Kavalek, Lubomir"]
[Black "Jamieson, Robert M"]
[Result "1-0"]
[WhiteElo "2570"]
[BlackElo "2420"]
[PlyCount "62"]
[EventDate "1978.??.??"]
[Source "www.chesslib.no"]
[SourceDate "2004.05.04"]

1. d4 f5 2. Nf3 Nf6 3. g3 e6 4. Bg2 Be7 5. O-O O-O 6. c4 d6 7. Nc3 a5 8. Re1 Ne4 9. Qc2 Nc6 10. Nxe4 Nb4 11. Qb1 fxe4 12. Qxe4 e5 13. g4 exd4 14. a3 Na6 15. Qxd4 Nc5 16. h3 Be6 17. Qc3 Bf6 18. Qc2 a4 19. Be3 Nd3 20. Rad1 Nxb2 21. Nd4 Qd7 22. Nf3 Ra6 23. Bb6 Qb5 24. Nh2 Qb4 25. Rd2 d5 26. f4 Nd1 27. Rd3 Qd6 28. Be3 Qd7 29. Bd2 b6 30. Kh1 Qb5 31. Qb2 Qa5 1-0

[Event "Chigorin Mem Open, St Petersburg RUS"]
[Site "?"]
[Date "2001.??.??"]
[Round "5"]
[White "Kosyrev, V."]
[Black "Obukhov, A."]
[Result "1-0"]
[WhiteElo "2555"]
[BlackElo "2435"]
[PlyCount "99"]
[EventDate "2001.??.??"]
[Source "www.chesslib.no"]
[SourceDate "2004.05.04"]

1. d4 f5 2. Nf3 Nf6 3. g3 e6 4. Bg2 Be7 5. O-O O-O 6. c4 d6 7. Nc3 Ne4 8. Qc2 Nxc3 9. Qxc3 Bf6 10. Qb3 Kh8 11. Re1 g5 12. Bxg5 Bxg5 13. Nxg5 Qxg5 14. Bxb7 Bxb7 15. Qxb7 Nd7 16. Qxc7 Qe7 17. Rac1 Rfc8 18. Qb7 Qd8 19. b3 a5 20. Qf3 Qg5 21. e4 Qg4 22. Qe3 fxe4 23. Qxe4 Qxe4 24. Rxe4 Nf8 25. Re3 Rab8 26. Rf3 Kg7 27. Re1 Rb7 28. Re4 Rf7 29. Rg4+ Ng6 30. Re3 Kf6 31. h4 h6 32. Kg2 Nf8 33. Rg8 e5 34. dxe5+ dxe5 35. Rd3 Ke6 36. a4 Rb8 37. c5 e4 38. Rd6+ Ke5 39. Rb6 Rd8 40. Rxh6 Rd3 41. Rg5+ Kd4 42. c6 Rxb3 43. Rd6+ Kc4 44. Rd2 Ne6 45. Re5 Nc7 46. Rxe4+ Kc5 47. Rd7 Rxd7 48. cxd7 Rd3 49. Re7 Kc6 50. h5 1-0

[Event "Buenos Aires olm"]
[Site "Buenos Aires"]
[Date "1978.??.??"]
[Round "?"]
[White "Kavalek, Lubomir"]
[Black "Jamieson, Robert M"]
[Result "1-0"]
[WhiteElo "2570"]
[BlackElo "2420"]
[PlyCount "77"]
[EventDate "1978.10.??"]
[Source "www.chesslib.no"]
[SourceDate "2004.05.04"]

1. d4 f5 2. Nf3 Nf6 3. g3 e6 4. Bg2 Be7 5. O-O O-O 6. c4 d6 7. Nc3 a5 8. Re1 Ne4 9. Qc2 Nc6 10. Nxe4 Nb4 11. Qb1 fxe4 12. Qxe4 e5 13. g4 exd4 14. a3 Na6 15. Qxd4 Nc5 16. h3 Be6 17. Qc3 Bf6 18. Qc2 a4 19. Be3 Nb3 20. Rad1 Na5 21. Nd2 Qd7 22. Ne4 Nxc4 23. Nc5 Nxe3 24. fxe3 dxc5 25. Rxd7 Bxd7 26. Bxb7 Rab8 27. Qxc5 Be6 28. Bc6 Bxb2 29. Bxa4 Ra8 30. Rb1 Bf6 31. Bc6 Rad8 32. g5 Ba2 33. Rf1 Bb2 34. Rxf8+ Rxf8 35. a4 Be6 36. Qb4 Ba1 37. Qa3 Be5 38. Qe7 Bxh3 39. Bd5+ 1-0

[Event "Dubna op"]
[Site "?"]
[Date "2000.??.??"]
[Round "5"]
[White "Gulkov Igor A"]
[Black "Ovetchkin Roman"]
[Result "0-1"]
[WhiteElo "2491"]
[BlackElo "2493"]
[PlyCount "76"]
[EventDate "2000.??.??"]
[Source "www.chesslib.no"]
[SourceDate "2004.05.04"]

1. Nf3 f5 2. g3 Nf6 3. Bg2 d6 4. d4 e6 5. O-O Be7 6. c4 O-O 7. Nc3 Ne4 8. Qc2 Nxc3 9. Qxc3 Bf6 10. b3 Qe7 11. Ba3 Nc6 12. c5 d5 13. b4 a6 14. Bb2 Bd7 15. a4 Nd8 16. e3 Qe8 17. Qb3 b5 18. cxb6 cxb6 19. Rfc1 b5 20. axb5 Bxb5 21. Ne5 Bxe5 22. dxe5 Nc6 23. Bf1 Bxf1 24. Kxf1 Rb8 25. Rxa6 Nxb4 26. Ra7 Nc6 27. Rb7 Rxb7 28. Qxb7 Na5 29. Qa6 Nc4 30. Bd4 Qg6 31. Kg1 h5 32. Bc5 Rb8 33. Qa7 Rb2 34. Bd4 Rd2 35. Qd7 Kh7 36. Qe7 Ra2 37. h3 Nd2 38. Rc8 f4 0-1